| 000 | 01128cab a22002175a 4500 | ||
|---|---|---|---|
| 001 | L143496 | ||
| 008 | 080514s2008 xxk f 000 0 eng d | ||
| 035 | _a(Sirsi) u143496 | ||
| 041 | 0 | _aeng | |
| 100 | 1 | _aHurley, James | |
| 245 | 0 | 0 | _aConstruction tackles waste |
| 260 | _c2008 | ||
| 490 | 0 |
_aProject _v20(7) May 2008, 25-26(2) |
|
| 520 | _aConsiders the significance of Site Waste Management Plans (SWMPs) with the introduction of the Site Waste Management Plans Regulations 2008. Explains the scope of the Regulations and notes that the success of the SWMP programme also requires commitment and guidance from local planners and the planning process. Looks at government plans to replace Local Plans with Minerals and Waste Development Frameworks (MWDFs) and how Supplementary Planning Documents and MWDFs should help planners and developers to minimise waste in construction more effectively. | ||
| 590 | _aKA | ||
| 650 | 2 | 4 | _aSITE WASTE MANAGEMENT PLANS REGULATIONS 2008 |
| 651 | 4 |
_aEngland _y886- |
|
| 690 | _aBUILT ENVIRONMENT | ||
| 690 | _aENVIRONMENTAL AND LAND CONSULTANCY-WASTE MANAGEMENT | ||
| 942 | _n0 | ||
| 999 |
_c80207 _d80207 |
||